Cincinnati Bengals: Top 10 All-Time Leaders - Statistics

General Stats
  • This quiz has been taken 71 times
  • The average score is 21 of 60
Answer Stats
Category # Player Amount % Correct
Passing Yards 5 Joe Burrow 19,190
100%
Passing Yards 2 Andy Dalton 31,594
94%
Receiving Yards 2 A.J. Green 9,430
92%
Receiving Yards 1 Chad Johnson 10,783
91%
Receiving Yards 10 Ja'Marr Chase 5,616
91%
Rushing Yards 7 Harold Green 3,727
83%
Passing Yards 1 Ken Anderson 32,838
83%
Passing Yards 3 Boomer Esiason 27,149
79%
Rushing Yards 3 Joe Mixon 6,412
79%
Passing Yards 4 Carson Palmer 22,694
75%
Sacks 6 Trey Hendrickson 59.0
75%
Rushing Yards 4 Rudi Johnson 5,742
70%
Rushing Yards 9 Essex Johnson 3,070
68%
Sacks 10 Michael Johnson 40.5
68%
Rushing Yards 5 Pete Johnson 5,421
68%
Rushing Yards 1 Corey Dillon 8,061
58%
Receiving Yards 6 Eddie Brown 6,134
58%
Sacks 9 Justin Smith 43.5
53%
Sacks 3 Geno Atkins 75.5
51%
Tackles 6 Vontaze Burfict 396
47%
Sacks 2 Carlos Dunlap 82.5
42%
Rushing Yards 8 Giovanni Bernard 3,697
42%
Passing Yards 7 Jon Kitna 10,707
36%
Receiving Yards 7 Tyler Boyd 6,000
36%
Receiving Yards 5 Cris Collinsworth 6,698
30%
Receiving Yards 9 T.J. Houshmandzadeh 5,782
30%
Tackles 10 Germaine Pratt 355
25%
Interceptions 1 Ken Riley 65
23%
Rushing Yards 6 Cedric Benson 4,176
21%
Tackles 4 Darryl Williams 468
21%
Passing Yards 6 Jeff Blake 15,134
21%
Tackles 8 Leon Hall 367
21%
Interceptions 4 Leon Hall 26
21%
Sacks 4 Reggie Williams 63.5
21%
Interceptions T9 Reggie Williams 16
21%
Rushing Yards 2 James Brooks 6,447
19%
Receiving Yards 4 Carl Pickens 6,887
17%
Passing Yards 8 David Klingler 3,880
15%
Interceptions 6 Reggie Nelson 23
15%
Passing Yards 9 Virgil Carter 3,850
15%
Receiving Yards 3 Isaac Curtis 7,101
13%
Interceptions 7 Tory James 21
13%
Tackles 2 Brian Simmons 512
11%
Interceptions T9 Deltha O'Neal 16
9%
Rushing Yards 10 Boobie Clark 2,978
8%
Sacks 1 Eddie Edwards 84.5
8%
Tackles 1 Tim Krumrie 1,008
8%
Receiving Yards 8 Darnay Scott 5,975
6%
Interceptions 3 David Fulcher 31
6%
Interceptions 5 Lemar Parrish 25
4%
Interceptions 2 Louis Breeden 33
4%
Sacks 5 Ross Browner 61.5
4%
Passing Yards 10 Turk Schonert 2,756
4%
Tackles 3 James Francis 508
2%
Sacks 7 Mike Reid 49.0
2%
Tackles 7 Ricardo McDonald 370
2%
Sacks 8 Ron Carpenter 45.5
2%
Tackles 9 Steve Tovar 361
2%
Tackles 5 Takeo Spikes 451
2%
Interceptions 8 Tommy Casanova 17
2%
No matching quizzes found
Score Distribution
Percent of People with Each Score
Percentile by Number Answered
Your Score History
You have not taken this quiz